[Event "Regionalliga SW 9900"]
[Site "Bayern"]
[Date "2000.??.??"]
[Round "4.6"]
[White "Kowarsch, Heinrich"]
[Black "Weissenburger, Josef"]
[Result "1-0"]
[WhiteElo "1930"]
[BlackElo "1960"]
[PlyCount "75"]
[EventDate "1999.??.??"]
[EventType "team-tourn"]
[EventRounds "9"]
[EventCountry "GER"]
[SourceTitle "EXT 2020"]
[Source "ChessBase"]
[SourceDate "2019.10.17"]
[SourceVersion "1"]
[SourceVersionDate "2019.10.17"]
[SourceQuality "1"]
[WhiteTeam "Tuerkheim"]
[BlackTeam "Lauingen"]
[WhiteTeamCountry "GER"]
[BlackTeamCountry "GER"]

1. c4 Nf6 2. g3 e5 3. Bg2 Nc6 4. Nc3 Be7 5. e3 0-0 6. d4 d6 7. Nge2 Bd7 8. b3 Qc8 9. h3 a6 10. g4 h6 11. f4 Nh7 12. f5 Bh4+ 13. Kd2 exd4 14. exd4 Rb8 15. a3 b5 16. cxb5 axb5 17. b4 Ne7 18. Kc2 c5 19. Bf4 Rb6 20. dxc5 dxc5 21. bxc5 b4 22. axb4 Rxb4 23. Bd6 Bxf5+ 24. gxf5 Qxf5+ 25. Be4 Rxe4 26. Nxe4 Qxe4+ 27. Qd3 Qc6 28. Nd4 Qg2+ 29. Qe2 Qd5 30. Rhd1 Re8 31. Nf3 Qf5+ 32. Qd3 Qxh3 33. Nxh4 Qxh4 34. Re1 Qf2+ 35. Re2 Qf6 36. Rae1 Ra8 37. Bxe7 Ra2+ 38. Kb3 1-0

[Event "Regionalliga SW 9900"]
[Site "Bayern"]
[Date "2000.??.??"]
[Round "9.6"]
[White "Kuhnert, Josef"]
[Black "Weissenburger, Josef"]
[Result "1-0"]
[WhiteElo "1995"]
[BlackElo "1960"]
[PlyCount "139"]
[EventDate "1999.??.??"]
[EventType "team-tourn"]
[EventRounds "9"]
[EventCountry "GER"]
[SourceTitle "EXT 2020"]
[Source "ChessBase"]
[SourceDate "2019.10.17"]
[SourceVersion "1"]
[SourceVersionDate "2019.10.17"]
[SourceQuality "1"]
[WhiteTeam "Sonthofen"]
[BlackTeam "Lauingen"]
[WhiteTeamCountry "GER"]
[BlackTeamCountry "GER"]

1. d4 Nf6 2. Nf3 d6 3. Bg5 Nbd7 4. Nbd2 c6 5. e4 Qc7 6. Bc4 e6 7. 0-0 Be7 8. Re1 e5 9. c3 0-0 10. a4 a5 11. h3 Rb8 12. Qe2 Re8 13. Bh4 h6 14. Nf1 Nf8 15. dxe5 dxe5 16. Bg3 Ng6 17. N1h2 Bc5 18. Ng4 Nxg4 19. hxg4 Qb6 20. Rad1 Be6 21. Bxe6 Rxe6 22. Qc2 Rd8 23. Nd2 Qc7 24. Nf3 Rxd1 25. Rxd1 Qe7 26. Rd2 f6 27. Kf1 Rd6 28. Rxd6 Bxd6 29. Qd3 Bc7 30. Nd2 Nf8 31. f3 Ne6 32. Qc4 Kh7 33. Bf2 Qd6 34. Be3 Qd7 35. g3 b5 36. axb5 cxb5 37. Qd5 Qe8 38. f4 Nf8 39. f5 Qd7 40. Ke2 Qc8 41. Nb3 a4 42. Nc5 Bb6 43. Ne6 Bxe3 44. Kxe3 Nxe6 45. fxe6 Qc7 46. Qd7 Qc5+ 47. Kf3 Qg1 48. Qxb5 Qh1+ 49. Ke3 Qe1+ 50. Qe2 Qg1+ 51. Kd2 Qb1 52. Ke3 Qg1+ 53. Qf2 Qc1+ 54. Kf3 Qh1+ 55. Ke3 Qc1+ 56. Kd3 Qb1+ 57. Ke3 Qc1+ 58. Qd2 Qg1+ 59. Kd3 Qb1+ 60. Qc2 Qf1+ 61. Kd2 Qc4 62. Ke3 a3 63. bxa3 Qc5+ 64. Kf3 Qxa3 65. Qd3 Qc1 66. e7 Qh1+ 67. Ke2 Qg2+ 68. Kd1 Qg1+ 69. Kc2 Qf2+ 70. Qd2 1-0

[Event "Regionalliga SW 9899"]
[Site "Bayern"]
[Date "1999.??.??"]
[Round "9.5"]
[White "Froehlich, Rainer"]
[Black "Weissenburger, Josef"]
[Result "1/2-1/2"]
[WhiteElo "1855"]
[BlackElo "1990"]
[PlyCount "49"]
[EventDate "1998.??.??"]
[EventType "team-tourn"]
[EventRounds "9"]
[EventCountry "GER"]
[SourceTitle "EXT 2020"]
[Source "ChessBase"]
[SourceDate "2019.10.17"]
[SourceVersion "1"]
[SourceVersionDate "2019.10.17"]
[SourceQuality "1"]
[WhiteTeam "Sonthofen"]
[BlackTeam "Lauingen"]
[WhiteTeamCountry "GER"]
[BlackTeamCountry "GER"]

1. c4 Nf6 2. Nc3 d6 3. g3 g6 4. Bg2 Bg7 5. d3 0-0 6. Nf3 Nc6 7. 0-0 Bd7 8. Rb1 Qc8 9. Bg5 e5 10. b4 Re8 11. b5 Ne7 12. Qd2 Bh3 13. Bxf6 Bxf6 14. Ne4 Bg7 15. Qg5 Bxg2 16. Kxg2 Qf5 17. Qd2 h6 18. a3 Qe6 19. Nc3 f5 20. e4 f4 21. Nd5 Qd7 22. h3 Nxd5 23. cxd5 Rf8 24. Nh2 Kh7 25. g4 1/2-1/2

[Event "Regionalliga SW 9798"]
[Site "Bayern"]
[Date "1998.??.??"]
[Round "?.5"]
[White "Weissenburger, Josef"]
[Black "Wittke, Volker"]
[Result "0-1"]
[WhiteElo "2010"]
[BlackElo "2095"]
[PlyCount "64"]
[EventDate "1997.10.??"]
[EventType "team-tourn"]
[EventRounds "9"]
[EventCountry "GER"]
[SourceTitle "EXT 2020"]
[Source "ChessBase"]
[SourceDate "2019.10.17"]
[SourceVersion "1"]
[SourceVersionDate "2019.10.17"]
[SourceQuality "1"]
[WhiteTeam "Lauingen"]
[BlackTeam "Garching"]
[WhiteTeamCountry "GER"]
[BlackTeamCountry "GER"]

1. e4 c5 2. Nf3 Nf6 3. d3 e6 4. e5 Nd5 5. Be2 Nc6 6. c3 a6 7. 0-0 Qc7 8. d4 cxd4 9. cxd4 d6 10. exd6 Bxd6 11. Nc3 0-0 12. Nxd5 exd5 13. h3 Bf5 14. Nh4 Be4 15. a3 Qb6 16. Nf3 Rac8 17. b4 Rfe8 18. Be3 Ne7 19. Nd2 Bc2 20. Qe1 Nf5 21. Bg4 Rc7 22. Bxf5 Bxf5 23. Rc1 Bd3 24. Rxc7 Qxc7 25. Nb3 Bxf1 26. Qxf1 Qc3 27. Qb1 Bf4 28. Nc5 Bxe3 29. fxe3 Qxe3+ 30. Kh2 Qf4+ 31. Kh1 Qg3 32. Nd3 Re2 0-1

[Event "Regionalliga SW 9697"]
[Site "Bayern"]
[Date "1997.??.??"]
[Round "?"]
[White "Weissenburger, Josef"]
[Black "Klenk, Robert"]
[Result "0-1"]
[WhiteElo "1960"]
[BlackElo "1945"]
[PlyCount "68"]
[EventDate "1996.10.??"]
[EventType "team-tourn"]
[EventRounds "9"]
[EventCountry "GER"]
[SourceTitle "EXT 1999"]
[Source "ChessBase"]
[SourceDate "1998.11.16"]
[SourceVersion "1"]
[SourceVersionDate "1998.11.16"]
[SourceQuality "1"]
[WhiteTeam "Lauingen"]
[BlackTeam "Muenchen 36 II"]
[WhiteTeamCountry "GER"]
[BlackTeamCountry "GER"]

1. e4 e6 2. d4 d5 3. e5 c5 4. c3 Nc6 5. Nf3 Bd7 6. Be2 cxd4 7. cxd4 Nge7 8. 0-0 Nf5 9. Nc3 a6 10. Be3 Be7 11. Qd2 Nxe3 12. Qxe3 Rc8 13. a3 0-0 14. Bd3 Na5 15. Nd2 f5 16. f4 Qb6 17. Rab1 Nc4 18. Nxc4 dxc4 19. Bc2 Bc6 20. Kh1 Rcd8 21. Ne2 Qa5 22. Rfd1 b5 23. Qh3 Qb6 24. b3 Qa7 25. Qc3 Qa8 26. bxc4 Bxg2+ 27. Kg1 bxc4 28. Qxc4 Bd5 29. Qc7 Rc8 30. Qxe7 Rxc2 31. Kf1 Bg2+ 32. Kg1 Qd5 33. Rd3 Rxe2 34. Rf1 Bxf1 0-1

[Event "Regionalliga SW 9596"]
[Site "Bayern"]
[Date "1996.??.??"]
[Round "?"]
[White "Weissenburger, Josef"]
[Black "Wiechmann, Gernot"]
[Result "0-1"]
[WhiteElo "1960"]
[BlackElo "1925"]
[PlyCount "124"]
[EventDate "1995.10.??"]
[EventType "team-tourn"]
[EventRounds "9"]
[EventCountry "GER"]
[SourceTitle "EXT 1999"]
[Source "ChessBase"]
[SourceDate "1998.11.16"]
[SourceVersion "1"]
[SourceVersionDate "1998.11.16"]
[SourceQuality "1"]
[WhiteTeam "Lauingen"]
[BlackTeam "Sonthofen"]
[WhiteTeamCountry "GER"]
[BlackTeamCountry "GER"]

1. e4 e5 2. f4 exf4 3. Nf3 d5 4. e5 Bg4 5. Be2 Bxf3 6. Bxf3 Qh4+ 7. Kf1 Ne7 8. Nc3 Nf5 9. Ne2 Nc6 10. d4 Ng3+ 11. Nxg3 fxg3 12. c3 0-0-0 13. Qb3 f6 14. e6 Ne7 15. Bd2 g5 16. Kg1 g4 17. Be2 Ng6 18. Qc2 Bd6 19. hxg3 Qxg3 20. Qf5 Ne7 21. Qxg4 Rdg8 22. Qxg3 Rxg3 23. Bf3 c6 24. Rh5 Rg6 25. Re1 Kc7 26. Kf1 Bg3 27. Re2 Kd6 28. Be1 Bxe1 29. Kxe1 f5 30. Kf2 h6 31. Re1 Rxe6 32. Rxe6+ Kxe6 33. g4 Kf6 34. gxf5 Nxf5 35. Bg4 Ng7 36. Re5 Re8 37. Rxe8 Nxe8 38. Bc8 Nd6 39. Bd7 Kg5 40. Kf3 h5 41. Be6 h4 42. Bd7 Nf5 43. Bc8 b6 44. Bd7 c5 45. Bc6 cxd4 46. Bxd5 dxc3 47. bxc3 Nd6 48. a4 a5 49. Ke3 h3 50. Kd4 Nf5+ 51. Ke5 Ne3 52. Bh1 h2 53. Kd6 Kf4 54. Kc6 Kg3 55. Kxb6 Kf2 56. Kxa5 Kg1 57. Be4 Ng2 58. Bxg2 Kxg2 59. Kb6 h1Q 60. a5 Kg3 61. Ka7 Qc6 62. a6 Kf4 0-1

[Event "Regionalliga SW 9596"]
[Site "Bayern"]
[Date "1995.??.??"]
[Round "?"]
[White "Hahn, Dietmar"]
[Black "Weissenburger, Josef"]
[Result "0-1"]
[WhiteElo "1835"]
[BlackElo "1960"]
[PlyCount "44"]
[EventDate "1995.10.??"]
[EventType "team-tourn"]
[EventRounds "9"]
[EventCountry "GER"]
[SourceTitle "EXT 1999"]
[Source "ChessBase"]
[SourceDate "1998.11.16"]
[SourceVersion "1"]
[SourceVersionDate "1998.11.16"]
[SourceQuality "1"]
[WhiteTeam "Muenchen RT"]
[BlackTeam "Lauingen"]
[WhiteTeamCountry "GER"]
[BlackTeamCountry "GER"]

1. e4 d5 2. exd5 Qxd5 3. Nc3 Qa5 4. d4 Nf6 5. Nf3 Bg4 6. Bc4 Nc6 7. 0-0 0-0-0 8. Be3 e5 9. Ne2 Bxf3 10. gxf3 Nxd4 11. Nxd4 exd4 12. Bxd4 Qh5 13. c3 Bd6 14. Re1 Rhe8 15. f4 Ng4 16. Rxe8 Rxe8 17. Be3 Qxh2+ 18. Kf1 Nxe3+ 19. fxe3 Rxe3 20. Qg4+ Kb8 21. Rd1 Rg3 22. Rxd6 cxd6 0-1